Μελέτη της δυναμικής ιχθυοπληθυσμού με την ανάπτυξη μοντέλου προσομοίωσης στο λογισμικό VISSIM : η περίπτωση του γαύρου (Engraulis encrasicolus) στο Β. Αιγαίο : πτυχιακή εργασία
Saved in:
| Main Author: | |
|---|---|
| Corporate Author: | |
| Other Authors: | , |
| Format: | Thesis Book |
| Language: | Greek |
| Published: |
Μυτιλήνη :
Πανεπιστήμιο Αιγαίου, Τμήμα Επιστημών της Θάλασσας,
2006
|
| Subjects: | |
| Tags: |
Add Tag
No Tags, Be the first to tag this record!
|
MARC
| LEADER | 00000cam a2200000 i 4500 | ||
|---|---|---|---|
| 001 | 1/36603 | ||
| 008 | 061031s2006 gre d | ||
| 035 | |l 10085864 | ||
| 040 | |a GR-MY-UA |b gre |e aacr | ||
| 041 | 0 | |a gre | |
| 082 | 0 | |a 597 |2 (22) | |
| 100 | 1 | |a Μαρκομανωλάκη, Κατερίνα. | |
| 245 | 1 | 0 | |a Μελέτη της δυναμικής ιχθυοπληθυσμού με την ανάπτυξη μοντέλου προσομοίωσης στο λογισμικό VISSIM : |b η περίπτωση του γαύρου (Engraulis encrasicolus) στο Β. Αιγαίο : πτυχιακή εργασία / |c Μαρκομανωλάκη Κατερίνα ; υπεύθυνοι καθηγητές Σ. Γεωργακαράκος, Γ. Τσιρτσής |
| 260 | |a Μυτιλήνη : |b Πανεπιστήμιο Αιγαίου, Τμήμα Επιστημών της Θάλασσας, |c 2006 | ||
| 300 | |a 60 σ.; |b διαγρ.; |c 30 εκ. | ||
| 502 | # | # | |a Πτυχιακή εργασία – Πανεπιστήμιο Αιγαίου, Λέσβος, 2006. |
| 504 | |a Βιβλιογραφία: σ. 56-58 | ||
| 650 | 0 | 0 | |a Fish populations |z Greece. |
| 650 | 0 | 0 | |a Fish populations |z Aegean Sea. |
| 650 | 0 | 0 | |a Fish populations |x Mathematical models. |
| 650 | 0 | 0 | |a Population biology |x Mathematical models. |
| 650 | 0 | 0 | |a Fishes |z Greece. |
| 650 | 0 | 0 | |a Fisheries |z Greece. |
| 650 | 0 | 0 | |a Engraulis encrasicolus |x Ecology. |
| 650 | 0 | 0 | |a Dissertations, Academic |z Greece. |
| 700 | 1 | |a Γεωργακαράκος, Στρατής. |4 ths | |
| 700 | 1 | |a Τσιρτσής, Γεώργιος Ε. |4 ths | |
| 710 | 2 | |a Πανεπιστήμιο Αιγαίου |b Σχολή Περιβάλλοντος |b Τμήμα Επιστημών της Θάλασσας. | |
| 852 | |a INST |b LESVOS |c DIATR |e 20061031 |h 173 |p 005100035183 |q 005100035183 |t DIE |y 23 | ||
| 852 | |a INST |b LESVOS |c DIATR |e 20061031 |h 174 |p 005100035182 |q 005100035182 |t DIE |y 23 | ||
| 901 | |a BIBL1-2006-3 | ||
| 909 | |a Λ |b 129828 | ||
| 909 | |a Λ |b 129829 | ||
| 924 | |a ΜΑΡΚΟΜΑΝΩΛΑΚΗ |b ΚΑΤΕΡΙΝΑ |y ΛΕΣΒΟΣ |z 2006-10 | ||
| 970 | |a ΜΑΡΙΝΑΤΟΥ |b ΜΥΡΣΙΝΗ |z 2006/10/31 | ||